[Event "I Festival A"]
[Site "Fano ITA"]
[Date "2012.07.30"]
[Round "1"]
[White "Banusz, Tamas"]
[Black "Rovedi, Mauro"]
[WhiteElo "2556"]
[BlackElo "2056"]
[Result "1-0"]
[PlyCount "57"]
[EventDate "2012.07.30"]

1. Nf3 Nf6 2. c4 c5 3. Nc3 Nc6 4. d4 cxd4 5. Nxd4 g6 6. e4 d6 7. Be2 Bg7 8. Be3
O-O 9. O-O Bd7 10. Qd2 Ng4 11. Bxg4 Bxg4 12. h3 Bd7 13. b3 Qa5 14. Rad1 Qh5 15.
Nxc6 Bxc6 16. Bd4 Bh6 17. Qd3 b6 18. a4 Rad8 19. Nd5 Bxd5 20. exd5 e5 21. dxe6
fxe6 22. Rfe1 e5 23. Bc3 Qh4 24. Re2 Kh8 25. Qe4 Qe7 26. Rd5 Rf4 27. Bxe5+ dxe5
28. Qxe5+ Qxe5 29. Rxd8+ 1-0

[Event "I Festival A"]
[Site "Fano ITA"]
[Date "2012.07.30"]
[Round "1"]
[White "Calavalle, Giulio"]
[Black "Rubini, Alessandro"]
[WhiteElo "2185"]
[BlackElo "1917"]
[Result "1/2-1/2"]
[PlyCount "146"]
[EventDate "2012.07.30"]

1. e4 c5 2. Nc3 e6 3. Bc4 a6 4. a4 g6 5. d4 Bg7 6. dxc5 Qa5 7. Nge2 Qxc5 8. Bb3
Nc6 9. Be3 Qb4 10. a5 Nf6 11. O-O Nxe4 12. Ra4 Nxc3 13. Nxc3 Qe7 14. Ne4 d5 15.
Bc5 Qd7 16. Nd6+ Kd8 17. Bxd5 exd5 18. Bb6+ Ke7 19. Qxd5 Qe6 20. Re4 Be5 21.
Nxc8+ Raxc8 22. Qc5+ Qd6 23. f4 Qxc5+ 24. Bxc5+ Ke6 25. fxe5 Kd5 26. Re3 Kxc5
27. Rxf7 Kd4 28. Rd3+ Kxe5 29. Rxb7 Nxa5 30. Re3+ Kd5 31. Rd7+ Kc6 32. Rf7 Kb6
33. b4 Nb7 34. Ree7 Nd8 35. Rf6+ Rc6 36. Rf2 Re6 37. Rxe6+ Nxe6 38. Rf6 Re8 39.
c4 Re7 40. Kf2 Kb7 41. Ke3 Ng5+ 42. Kd4 Ne4 43. Rf4 Nd6 44. Kd5 Nf5 45. g4 Ne3+
46. Kd6 Rc7 47. c5 Rc6+ 48. Ke5 Nc2 49. Kd5 Rc7 50. Kd6 Na3 51. h4 Nb5+ 52. Ke6
Kc6 53. Rf6 Nc3 54. Ke5+ Kb5 55. Rb6+ Kc4 56. Kd6 Ra7 57. c6 Nb5+ 58. Ke5 Kxb4
59. Rb7 Kc5 60. c7 Ra8 61. c8=Q+ Rxc8 62. Rxh7 Rc6 63. h5 gxh5 64. Rxh5 Nc3 65.
g5 Rg6 66. Kf5 Rg8 67. g6 a5 68. Ke6+ Kb4 69. Kf7 Rc8 70. g7 a4 71. Rh4+ Kb3
72. Rxa4 Kxa4 73. g8=Q Rxg8 1/2-1/2

[Event "I Festival A"]
[Site "Fano ITA"]
[Date "2012.07.30"]
[Round "1"]
[White "Cardarelli, Angelo"]
[Black "Fico, Massimiliano"]
[WhiteElo "1954"]
[BlackElo "2281"]
[Result "0-1"]
[PlyCount "60"]
[EventDate "2012.07.30"]

1. e4 Nc6 2. d4 d5 3. e5 Bf5 4. c3 e6 5. Ne2 f6 6. f4 Nh6 7. Ng3 Bg6 8. Bd3
Bxd3 9. Qxd3 f5 10. Nd2 Be7 11. Nf3 O-O 12. O-O Na5 13. b3 b6 14. c4 c5 15. Ba3
dxc4 16. bxc4 cxd4 17. Bxe7 Qxe7 18. Nxd4 Rfd8 19. Rfd1 Rac8 20. Rac1 Qc5 21.
Kh1 Ng4 22. Rd2 Nf2+ 23. Rxf2 Rxd4 24. Qf3 b5 25. Ne2 Rd2 26. cxb5 Qxc1+ 27.
Nxc1 Rxf2 28. Qd1 Nc4 29. Ne2 Ne3 30. Qd2 Rxe2 0-1

[Event "I Festival A"]
[Site "Fano ITA"]
[Date "2012.07.30"]
[Round "1"]
[White "Chierici, Marianna"]
[Black "Rusev, Krasimir"]
[WhiteElo "2050"]
[BlackElo "2540"]
[Result "0-1"]
[PlyCount "51"]
[EventDate "2012.07.30"]

1. e4 c5 2. c3 d5 3. exd5 Qxd5 4. Nf3 Nc6 5. d4 Bg4 6. Be2 cxd4 7. cxd4 e6 8.
Nc3 Bb4 9. O-O Qa5 10. Bf4 Nge7 11. h3 Bh5 12. a3 Bxc3 13. bxc3 Nd5 14. Bd2
Nxc3 15. Bxc3 Qxc3 16. Qb1 Bxf3 17. Bxf3 Nxd4 18. Bxb7 Rb8 19. Rd1 O-O 20. Qe4
Nb3 21. Ra2 Nc5 22. Qf3 Qa5 23. Bc6 Rfd8 24. Rc1 Nb3 25. Rd1 Nd4 26. Qe4 0-1

[Event "I Festival A"]
[Site "Fano ITA"]
[Date "2012.07.30"]
[Round "1"]
[White "Collutiis, Duilio"]
[Black "Rizzardi, Franco"]
[WhiteElo "2508"]
[BlackElo "2026"]
[Result "1/2-1/2"]
[PlyCount "103"]
[EventDate "2012.07.30"]

1. g3 d5 2. Nf3 Nf6 3. Bg2 Bf5 4. c4 c6 5. cxd5 cxd5 6. Qb3 Qb6 7. Qxb6 axb6 8.
Nc3 e6 9. Nd4 Bg6 10. Ndb5 Na6 11. d3 Bc5 12. O-O O-O 13. Bf4 Rfd8 14. a3 Rd7
15. b4 Be7 16. Na4 Bd8 17. Be3 Nc5 18. Nxc5 bxc5 19. Bxc5 Ne8 20. Rfc1 b6 21.
Bd4 Nd6 22. Nxd6 Rxd6 23. Be5 Rd7 24. Rc6 f6 25. Bd4 e5 26. Bxb6 Ra6 27. Bxd8
Rxc6 28. Ba5 Rc2 29. Kf1 e4 30. Bh3 Rd6 31. d4 Bh5 32. g4 Be8 33. a4 Rdc6 34.
g5 Rc1+ 35. Rxc1 Rxc1+ 36. Kg2 Kf7 37. gxf6 gxf6 38. b5 Ra1 39. Bd2 Rxa4 40. b6
Ra6 41. Bf5 h5 42. b7 Rb6 43. Bc8 Bc6 44. Bf4 Bxb7 45. Bf5 Ba6 46. e3 Be2 47.
Kg3 Rb1 48. h3 Bf3 49. Kh4 Rb2 50. Bg3 Rb1 51. Bh2 Rh1 52. Bf4 1/2-1/2

[Event "I Festival A"]
[Site "Fano ITA"]
[Date "2012.07.30"]
[Round "1"]
[White "Djuric, Stefan"]
[Black "Piro, Valerio"]
[WhiteElo "2442"]
[BlackElo "2013"]
[Result "1-0"]
[PlyCount "50"]
[EventDate "2012.07.30"]

1. c4 c6 2. e4 d5 3. exd5 cxd5 4. cxd5 Qxd5 5. Nc3 Qd8 6. d4 Nf6 7. Nf3 e6 8.
Bc4 Be7 9. O-O O-O 10. Re1 Nbd7 11. Bg5 Nb6 12. Bb3 Nfd5 13. Bxe7 Nxe7 14. Ne5
Nbd5 15. Rc1 b6 16. Nxd5 Nxd5 17. Nc6 Qd7 18. Qf3 Kh8 19. Ne5 Qb7 20. Bxd5 Qxd5
21. Qxd5 exd5 22. Nxf7+ Kg8 23. Nd6 Rd8 24. Rc7 h6 25. Nb5 Ba6 1-0

[Event "I Festival A"]
[Site "Fano ITA"]
[Date "2012.07.30"]
[Round "1"]
[White "Faini, Marco"]
[Black "Buriani, Andrea"]
[WhiteElo "1908"]
[BlackElo "2174"]
[Result "0-1"]
[PlyCount "76"]
[EventDate "2012.07.30"]

1. c4 e5 2. g3 Nc6 3. Bg2 g6 4. Nc3 Bg7 5. e4 d6 6. d3 f5 7. Nge2 Nf6 8. O-O
O-O 9. f4 Nd4 10. Nxd4 exd4 11. Ne2 c5 12. exf5 Bxf5 13. Bxb7 Rb8 14. Bf3 Re8
15. Qc2 Ng4 16. Bxg4 Bxg4 17. Re1 Re6 18. Kf2 Qe7 19. h3 Bh5 20. f5 gxf5 21.
Nf4 Rxe1 22. Nxh5 Re8 23. Nf4 Bh6 24. Nd5 Qe2+ 25. Qxe2 R8xe2+ 26. Kf3 Bxc1 27.
Rxc1 Rxc1 28. Kxe2 Rc2+ 29. Kf3 Rxb2 30. Ne7+ Kf7 31. Nxf5 Ke6 32. Ng7+ Ke5 33.
Ne8 Rxa2 34. Nc7 Rd2 35. Nd5 Rxd3+ 36. Kf2 a5 37. Ne7 a4 38. Nc6+ Kf6 0-1

[Event "I Festival A"]
[Site "Fano ITA"]
[Date "2012.07.30"]
[Round "1"]
[White "Gromovs, Sergejs"]
[Black "Petrone, Gianmario"]
[WhiteElo "2233"]
[BlackElo "1930"]
[Result "0-1"]
[PlyCount "63"]
[EventDate "2012.07.30"]

1. e4 c5 2. d4 cxd4 3. Nf3 Nc6 4. c3 Nf6 5. e5 Nd5 6. Bc4 Nb6 7. Bb3 d5 8. exd6
Qxd6 9. cxd4 Be6 10. O-O Bxb3 11. Qxb3 e6 12. Nc3 Be7 13. Nb5 Qb8 14. Ne5 Nd5
15. Nxc6 bxc6 16. Nc3 Qxb3 17. axb3 Kd7 18. Nxd5 cxd5 19. Bf4 Rhc8 20. Rfc1
Rxc1+ 21. Rxc1 Bd8 22. Kf1 Bb6 23. Ke2 Rc8 24. Rxc8 Kxc8 25. Kd3 Kd7 26. b4 Kc6
27. b3 Bd8 28. Bb8 a6 29. Ba7 Bb6 30. Bb8 Bd8 31. Ba7 Bb6 32. Bb8 0-1

[Event "I Festival A"]
[Site "Fano ITA"]
[Date "2012.07.30"]
[Round "1"]
[White "Iasman, Inna"]
[Black "Caprio, Guido"]
[WhiteElo "1970"]
[BlackElo "2430"]
[Result "1-0"]
[PlyCount "96"]
[EventDate "2012.07.30"]

1. d4 e6 2. c4 Nf6 3. Nf3 Bb4+ 4. Bd2 Qe7 5. Nc3 b6 6. g3 Bb7 7. Bg2 O-O 8. O-O
Bxc3 9. Bxc3 d6 10. Re1 Nbd7 11. b3 e5 12. e3 Ne4 13. Bb2 f5 14. Nd2 Ndf6 15.
Nxe4 Bxe4 16. f3 Bb7 17. e4 fxe4 18. fxe4 c5 19. dxc5 dxc5 20. Qe2 Nd7 21. Rad1
Rad8 22. Rf1 Rxf1+ 23. Rxf1 Nb8 24. Rd1 Nc6 25. Rxd8+ Qxd8 26. Bc1 Qd4+ 27. Be3
Qa1+ 28. Kf2 Bc8 29. Qd2 Nd4 30. h3 h6 31. g4 Be6 32. Kg3 a5 33. g5 hxg5 34.
Bxg5 a4 35. Bd8 axb3 36. axb3 Nxb3 37. Qd6 Nd4 38. Bxb6 Qc1 39. Kh2 Qf4+ 40.
Kh1 Qg3 41. Bxc5 Bxh3 42. Qf8+ Kh7 43. Qf1 Bg4 44. Bxd4 exd4 45. c5 Qe5 46. Qg1
Qxc5 47. Qf2 Bd7 48. Qh4+ Kg8 1-0

[Event "I Festival A"]
[Site "Fano ITA"]
[Date "2012.07.30"]
[Round "1"]
[White "Laketic, Gojko"]
[Black "Gambardella, Piero"]
[WhiteElo "2440"]
[BlackElo "1992"]
[Result "1-0"]
[PlyCount "78"]
[EventDate "2012.07.30"]

1. d4 f5 2. g3 Nf6 3. Bg2 g6 4. Nh3 Bg7 5. Nc3 d5 6. Nf4 c6 7. h4 O-O 8. h5 Qe8
9. hxg6 hxg6 10. Nd3 Ne4 11. Nxe4 fxe4 12. Ne5 Nd7 13. Ng4 Qf7 14. Bh6 Ne5 15.
dxe5 Bxg4 16. Qd4 c5 17. Qe3 Bxe5 18. Bxf8 Rxf8 19. O-O-O Qg7 20. Rxd5 Bxb2+
21. Kb1 Bd4 22. Qxe4 Bf5 23. Rxf5 gxf5 24. Qd5+ Qf7 25. e3 e6 26. Qd6 Bg7 27.
Qxc5 Qf6 28. c3 Rd8 29. Kc2 Qf7 30. Rd1 Rxd1 31. Kxd1 Qd7+ 32. Ke2 b6 33. Qc4
Kf7 34. Bf3 Be5 35. Bc6 Qd6 36. f4 Bf6 37. Qa4 Qe7 38. c4 a5 39. Bg2 Kg6 {...}
1-0

[Event "I Festival A"]
[Site "Fano ITA"]
[Date "2012.07.30"]
[Round "1"]
[White "Marozzi, Giovanni"]
[Black "Brancaleoni, Maurizio"]
[WhiteElo "1928"]
[BlackElo "2224"]
[Result "0-1"]
[PlyCount "104"]
[EventDate "2012.07.30"]

1. e4 c6 2. d4 d5 3. Nc3 dxe4 4. Nxe4 Bf5 5. Ng3 Bg6 6. Nf3 Nd7 7. Bc4 e6 8. c3
Ngf6 9. O-O Bd6 10. Re1 O-O 11. Bg5 Qc7 12. Qe2 h6 13. Bxf6 Nxf6 14. Ne5 Bh7
15. Nxf7 Rxf7 16. Bxe6 Raf8 17. Bxf7+ Rxf7 18. Qe6 Nd5 19. Rad1 Nf4 20. Qb3 Qd7
21. Re3 Bg6 22. Rde1 Nd3 23. Rf1 Nf4 24. Rfe1 Kh7 25. c4 Qg4 26. c5 Bf8 27. f3
Qg5 28. Re5 Qd8 29. Qc3 Be7 30. Ne4 Bf6 31. Nxf6+ Qxf6 32. Qe3 Rd7 33. Rd1 Nd5
34. Qe2 Nc7 35. b4 Nd5 36. Qd2 Nf4 37. Qe3 Bf7 38. a3 Ng6 39. Re4 Ne7 40. Re5
Kg8 41. g4 Ng6 42. Re4 Kh7 43. Rf1 Bd5 44. Re8 Nf4 45. Re5 Nh3+ 46. Kg2 Nf4+
47. Kg3 Ng6 48. g5 Qf7 49. Re8 Ne7 50. Rxe7 Rxe7 51. Qd3+ g6 52. gxh6 Bc4 0-1

[Event "I Festival A"]
[Site "Fano ITA"]
[Date "2012.07.30"]
[Round "1"]
[White "Parpinel, Marco"]
[Black "Mazzarini, Daniele"]
[WhiteElo "2159"]
[BlackElo "1905"]
[Result "1-0"]
[PlyCount "67"]
[EventDate "2012.07.30"]

1. e4 c6 2. d4 d5 3. e5 Bf5 4. Nc3 e6 5. g4 Bg6 6. Nge2 c5 7. h4 h6 8. Be3 Nd7
9. f4 h5 10. f5 exf5 11. g5 cxd4 12. Nxd4 a6 13. Nxd5 Qa5+ 14. Nc3 Qxe5 15. Qf3
f4 16. Qxf4 Qxf4 17. Bxf4 Bb4 18. O-O-O Ne7 19. Bg2 Nc5 20. Bd6 Nd3+ 21. cxd3
Bxd6 22. Bxb7 Ra7 23. Be4 O-O 24. Kb1 Be5 25. Bxg6 Bxd4 26. Bxh5 Rb8 27. Na4
Rb4 28. b3 Rab7 29. Bf3 Rb8 30. Rhe1 Rxa4 31. Rxe7 Rxb3+ 32. axb3 Ra1+ 33. Kc2
Ra2+ 34. Kc1 1-0

[Event "I Festival A"]
[Site "Fano ITA"]
[Date "2012.07.30"]
[Round "1"]
[White "Pein, Malcolm"]
[Black "Tonel, Giulia"]
[WhiteElo "2377"]
[BlackElo "1967"]
[Result "1-0"]
[PlyCount "67"]
[EventDate "2012.07.30"]

1. d4 Nf6 2. Nf3 g6 3. c4 Bg7 4. Nc3 d6 5. Bg5 h6 6. Bh4 O-O 7. e3 Nbd7 8. Qc2
c5 9. d5 Re8 10. Be2 b6 11. Nd2 Bb7 12. O-O Nf8 13. e4 a6 14. f4 N6d7 15. Rae1
Qc7 16. Bg3 e6 17. a4 e5 18. Nf3 exf4 19. Bxf4 Re7 20. Qd2 g5 21. Bg3 Ng6 22.
h4 g4 23. Nh2 h5 24. Rf5 Bd4+ 25. Kh1 Nf6 26. e5 Bxc3 27. Qxc3 Ne4 28. Qe3
Nxg3+ 29. Qxg3 Rxe5 30. Rxe5 Nxe5 31. Bxg4 hxg4 32. Nxg4 f5 33. Nxe5+ Kh8 34.
Ng6+ 1-0

[Event "I Festival A"]
[Site "Fano ITA"]
[Date "2012.07.30"]
[Round "1"]
[White "Pulito, Alberto"]
[Black "Di Lascio, Savino"]
[WhiteElo "2252"]
[BlackElo "1946"]
[Result "1-0"]
[PlyCount "69"]
[EventDate "2012.07.30"]

1. e4 c6 2. d4 d5 3. e5 Bf5 4. Nd2 e6 5. g4 Bg6 6. Ne2 Be7 7. Ng3 Nd7 8. Nh5
Bxh5 9. gxh5 Nh6 10. Nb3 Nf5 11. Bd3 Nf8 12. Qg4 g6 13. c3 a5 14. h4 a4 15. Nd2
Qb6 16. Nf3 c5 17. Rb1 cxd4 18. Bg5 Nd7 19. cxd4 gxh5 20. Qf4 Bb4+ 21. Kf1 h6
22. Bf6 Nxf6 23. exf6 Bd6 24. Qd2 Bb4 25. Qd1 Rg8 26. Rc1 Rg4 27. Ne5 Rf4 28.
Bxf5 Rxf5 29. Rg1 Qb5+ 30. Qe2 Qxe2+ 31. Kxe2 Rxf6 32. Rg8+ Bf8 33. Rc7 Rd8 34.
Rxb7 Rf4 35. Nc6 1-0

[Event "I Festival A"]
[Site "Fano ITA"]
[Date "2012.07.30"]
[Round "1"]
[White "Rago, Riccardo"]
[Black "Prohaszka, Peter"]
[WhiteElo "2079"]
[BlackElo "2562"]
[Result "0-1"]
[PlyCount "102"]
[EventDate "2012.07.30"]

1. e4 c6 2. d4 d5 3. Nc3 dxe4 4. Nxe4 Bf5 5. Ng3 Bg6 6. Nf3 e6 7. h4 h6 8. h5
Bh7 9. Bd3 Bxd3 10. Qxd3 Nf6 11. Bd2 c5 12. O-O-O Nc6 13. Be3 Qa5 14. Kb1 O-O-O
15. Qb3 Bd6 16. Ne2 Rd7 17. c4 Rhd8 18. Nc3 cxd4 19. Nxd4 Nxd4 20. Rxd4 Bc5 21.
Rxd7 Rxd7 22. Nb5 Bxe3 23. Qxe3 a6 24. Qc5+ Kd8 25. b4 Qa4 26. Qb6+ Ke8 27.
Nd6+ Ke7 28. Nc8+ Kf8 29. Qc5+ Kg8 30. Nb6 Rd1+ 31. Rxd1 Qxd1+ 32. Kb2 Kh7 33.
Qc7 Qd2+ 34. Kb3 Qd3+ 35. Ka4 Qc2+ 36. Ka3 Qc3+ 37. Ka4 Qd2 38. Ka3 Nxh5 39.
Qxf7 Qc3+ 40. Ka4 Qc2+ 41. Ka3 Nf6 42. Qxe6 Qc3+ 43. Ka4 Qc2+ 44. Ka3 Qxf2 45.
Nd5 Qg3+ 46. Ka4 Qxg2 47. Qf5+ Qg6 48. Nxf6+ gxf6 49. Qd7+ Qg7 50. Qf5+ Kh8 51.
Qc8+ Qg8 0-1

[Event "I Festival A"]
[Site "Fano ITA"]
[Date "2012.07.30"]
[Round "1"]
[White "Salzano, Guido"]
[Black "Arnaudov, G. Petar"]
[WhiteElo "2023"]
[BlackElo "2486"]
[Result "0-1"]
[PlyCount "68"]
[EventDate "2012.07.30"]

1. e4 e5 2. Nf3 Nc6 3. Bb5 a6 4. Bxc6 dxc6 5. O-O Qf6 6. d4 exd4 7. Qxd4 Qxd4
8. Nxd4 Bd7 9. Nc3 O-O-O 10. Be3 Re8 11. a3 c5 12. Nde2 f5 13. Ng3 fxe4 14.
Ncxe4 b6 15. Rfe1 h6 16. Bd2 Ne7 17. c4 Nf5 18. Bc3 Nd4 19. Rad1 Ba4 20. Rd2
Bb3 21. Bxd4 cxd4 22. Rde2 d3 23. Re3 Bxc4 24. Nd2 Rxe3 25. Rxe3 Bb5 26. Nge4
a5 27. Nc3 Ba6 28. Re8+ Kd7 29. Ra8 Bb7 30. Rb8 Bc8 31. Nd5 Bd6 32. Nc4 Re8 33.
Kf1 Ba6 34. Rxe8 Bxc4 0-1

[Event "I Festival A"]
[Site "Fano ITA"]
[Date "2012.07.30"]
[Round "1"]
[White "Sindoni, Antonio"]
[Black "Gallucci, Alessio"]
[WhiteElo "1931"]
[BlackElo "2245"]
[Result "0-1"]
[PlyCount "90"]
[EventDate "2012.07.30"]

1. e4 e5 2. Nf3 Nc6 3. Bb5 f5 4. d3 Nf6 5. Nc3 Bc5 6. Bg5 O-O 7. Nd5 fxe4 8.
Bxf6 gxf6 9. dxe4 Kh8 10. Qd2 a6 11. Ba4 Ne7 12. Bb3 Nxd5 13. Bxd5 c6 14. Bb3
b5 15. O-O-O a5 16. Be6 d6 17. Bxc8 Qxc8 18. h3 Qe6 19. Kb1 f5 20. Ng5 Qg6 21.
exf5 Rxf5 22. Ne4 Bd4 23. f3 d5 24. Nc3 Rg8 25. Ne2 Qxg2 26. Nxd4 Qxd2 27. Rxd2
exd4 28. Rxd4 Rxf3 29. Kc1 Rgg3 30. h4 Rf2 31. Rd2 Rxd2 32. Kxd2 Kg7 33. Rf1
Rg4 34. h5 Rg5 35. Rh1 Kh6 36. Rf1 Kxh5 37. Rf7 h6 38. Rf6 Rg6 39. Rf5+ Kg4 40.
Rf1 h5 41. Kd3 h4 42. Ke3 Re6+ 43. Kd4 h3 44. Rf8 Rh6 45. Kc5 h2 0-1

[Event "I Festival A"]
[Site "Fano ITA"]
[Date "2012.07.30"]
[Round "1"]
[White "Solodovnichenko, Yuri"]
[Black "Mandolini, Riccardo"]
[WhiteElo "2598"]
[BlackElo "2091"]
[Result "1-0"]
[PlyCount "47"]
[EventDate "2012.07.30"]

1. g3 d5 2. Bg2 Nf6 3. Nf3 e6 4. O-O b6 5. d3 Bb7 6. Nbd2 Be7 7. e4 dxe4 8. Ng5
Nbd7 9. Ndxe4 Qc8 10. Re1 O-O 11. Qe2 h6 12. Nf3 Rd8 13. b3 c5 14. Nfd2 Nxe4
15. Nxe4 Bc6 16. Bb2 Qb7 17. a4 a6 18. Qg4 g6 19. Qf4 g5 20. Qg4 Kh7 21. h4 Rg8
22. Qh5 Rgf8 23. hxg5 Bxg5 24. Nd6 1-0

[Event "I Festival A"]
[Site "Fano ITA"]
[Date "2012.07.30"]
[Round "1"]
[White "Varvaglione, Antonio"]
[Black "Stella, Andrea"]
[WhiteElo "2011"]
[BlackElo "2442"]
[Result "0-1"]
[PlyCount "44"]
[EventDate "2012.07.30"]

1. e4 e6 2. d3 d5 3. Nd2 Nf6 4. Ngf3 Bc5 5. g3 dxe4 6. Nxe4 Nxe4 7. dxe4 Bxf2+
8. Kxf2 Qxd1 9. Bb5+ Qd7 10. Bxd7+ Nxd7 11. Bf4 c6 12. Bd6 f6 13. e5 c5 14.
Rhe1 Kf7 15. Rad1 b6 16. Bc7 Rf8 17. Kg1 Kg8 18. Rd6 Rf7 19. exf6 Nf8 20. Bd8
gxf6 21. Nd2 Bd7 22. Bc7 Rc8 0-1

[Event "I Festival A"]
[Site "Fano ITA"]
[Date "2012.07.30"]
[Round "1"]
[White "Vincenzi, Marco"]
[Black "David, Alberto"]
[WhiteElo "2103"]
[BlackElo "2605"]
[Result "0-1"]
[PlyCount "84"]
[EventDate "2012.07.30"]

1. e4 c5 2. Nf3 e6 3. d4 cxd4 4. Nxd4 a6 5. Nc3 Qc7 6. g3 Bb4 7. Qd3 Nc6 8.
Nxc6 bxc6 9. Qd4 Bf8 10. Bg2 e5 11. Qe3 Nf6 12. O-O a5 13. Na4 Ba6 14. c4 Bxc4
15. Nb6 Bxf1 16. Nxa8 Qb7 17. Bxf1 Qxa8 18. Bd2 Bd6 19. Qe1 Bc5 20. Bh3 Qa7 21.
Rc1 O-O 22. Rc2 Bb4 23. Qe3 Qa8 24. Bc1 d6 25. Qe2 h6 26. Qf3 Nh7 27. Be3 d5
28. Bd7 Qd8 29. Bxc6 d4 30. a3 dxe3 31. axb4 Ng5 32. Qe2 exf2+ 33. Kxf2 Ne6 34.
b5 Nd4 35. Qd3 Nxc6 36. Qxd8 Nxd8 37. Rc7 Ne6 38. Ra7 Rb8 39. Rxa5 Nd4 40. Ke3
Rxb5 41. Rxb5 Nxb5 42. Kd3 Nd6 0-1

[Event "I Festival A"]
[Site "Fano ITA"]
[Date "2012.07.31"]
[Round "2"]
[White "Arnaudov, G. Petar"]
[Black "Iasman, Inna"]
[WhiteElo "2486"]
[BlackElo "1970"]
[Result "1-0"]
[PlyCount "69"]
[EventDate "2012.07.30"]

1. d4 d5 2. Bf4 Nf6 3. e3 Bf5 4. c4 e6 5. Nc3 c6 6. Qb3 Qb6 7. c5 Qxb3 8. axb3
Nbd7 9. b4 Be7 10. b5 O-O 11. bxc6 bxc6 12. Ba6 e5 13. Bg3 Rab8 14. Nf3 Rxb2
15. Nxe5 Nxe5 16. Bxe5 Ne4 17. Nxe4 Bxe4 18. O-O Re8 19. Rfc1 Bc2 20. Bg3 h5
21. h4 g5 22. hxg5 Bxg5 23. Bf1 h4 24. Be5 f6 25. Bd6 a5 26. Rxa5 Rxe3 27. Rxc2
Rxc2 28. fxe3 Bxe3+ 29. Kh2 Bxd4 30. Bd3 Rc1 31. Bf5 Be5+ 32. Kh3 Rf1 33. Bd7
d4 34. Ra3 Re1 35. Bxc6 1-0

[Event "I Festival A"]
[Site "Fano ITA"]
[Date "2012.07.31"]
[Round "2"]
[White "Brancaleoni, Maurizio"]
[Black "Djuric, Stefan"]
[WhiteElo "2224"]
[BlackElo "2442"]
[Result "1/2-1/2"]
[PlyCount "25"]
[EventDate "2012.07.30"]

1. Nf3 Nf6 2. c4 g6 3. Nc3 Bg7 4. e4 d6 5. d4 O-O 6. Be2 e5 7. Be3 Ng4 8. Bg5
f6 9. Bc1 Nc6 10. d5 Ne7 11. h3 Nh6 12. h4 Nf7 13. h5 1/2-1/2

[Event "I Festival A"]
[Site "Fano ITA"]
[Date "2012.07.31"]
[Round "2"]
[White "Buriani, Andrea"]
[Black "Petrone, Gianmario"]
[WhiteElo "2174"]
[BlackElo "1930"]
[Result "1/2-1/2"]
[PlyCount "72"]
[EventDate "2012.07.30"]

1. d4 Nf6 2. Nf3 g6 3. Nbd2 d5 4. e3 Bg7 5. Bd3 O-O 6. O-O Nc6 7. c3 e5 8. Nxe5
Nxe5 9. dxe5 Ng4 10. Nf3 Nxe5 11. Nxe5 Bxe5 12. f4 Bd6 13. Qf3 c6 14. f5 Qh4
15. g3 Qh3 16. e4 dxe4 17. Bxe4 gxf5 18. Bxf5 Bxf5 19. Qxf5 Qxf5 20. Rxf5 Rfe8
21. Bg5 Re5 22. Rxe5 Bxe5 23. Rd1 Rc8 24. Bf4 Bxf4 25. gxf4 Rc7 26. Kf2 Kg7 27.
Rd6 Re7 28. Kf3 f6 29. Kg4 Kg6 30. f5+ Kf7 31. h4 Kg7 32. h5 h6 33. Kf4 Kf7 34.
Rd2 Re1 35. Rd7+ Re7 36. Rd2 Re1 1/2-1/2

[Event "I Festival A"]
[Site "Fano ITA"]
[Date "2012.07.31"]
[Round "2"]
[White "Caprio, Guido"]
[Black "Cardarelli, Angelo"]
[WhiteElo "2430"]
[BlackElo "1954"]
[Result "1-0"]
[PlyCount "63"]
[EventDate "2012.07.30"]

1. e4 e6 2. d4 d5 3. Nc3 Nf6 4. Bg5 dxe4 5. Nxe4 Be7 6. Bxf6 Bxf6 7. Nf3 O-O 8.
Qd2 Nd7 9. O-O-O b6 10. Bd3 Bb7 11. Kb1 Qe7 12. Qf4 c5 13. Qc7 Bxe4 14. Bxe4
Rfc8 15. Qb7 Rab8 16. Qxa7 b5 17. d5 Ra8 18. Qb7 Rab8 19. Qa6 Nb6 20. dxe6 fxe6
21. Rhe1 Bxb2 22. Bf5 Bc3 23. Bxe6+ Kh8 24. Bxc8 Bxe1 25. Rxe1 Qd8 26. Be6 Na4
27. Bb3 Nc3+ 28. Kb2 c4 29. Bxc4 Rb6 30. Ne5 Rxa6 31. Nf7+ Kg8 32. Nxd8+ 1-0

[Event "I Festival A"]
[Site "Fano ITA"]
[Date "2012.07.31"]
[Round "2"]
[White "David, Alberto"]
[Black "Pein, Malcolm"]
[WhiteElo "2605"]
[BlackElo "2377"]
[Result "1-0"]
[PlyCount "53"]
[EventDate "2012.07.30"]

1. c4 Nf6 2. Nc3 g6 3. e4 d6 4. d4 Bg7 5. Nf3 O-O 6. Be2 e5 7. Be3 c6 8. d5 Ng4
9. Bg5 f6 10. Bh4 c5 11. Nd2 Nh6 12. f3 Nf7 13. Bd3 Na6 14. a3 Qa5 15. Qe2 f5
16. exf5 gxf5 17. Nde4 Bd7 18. g4 Kh8 19. O-O-O Nh6 20. Nxd6 Qb6 21. Be7 e4 22.
Ncxe4 Rf7 23. Nxf7+ Nxf7 24. gxf5 Bxf5 25. Rhg1 Qh6+ 26. Qd2 Re8 27. d6 1-0

[Event "I Festival A"]
[Site "Fano ITA"]
[Date "2012.07.31"]
[Round "2"]
[White "Di Lascio, Savino"]
[Black "Chierici, Marianna"]
[WhiteElo "1946"]
[BlackElo "2050"]
[Result "0-1"]
[PlyCount "180"]
[EventDate "2012.07.30"]

1. b4 Nf6 2. Bb2 d5 3. Nf3 g6 4. g3 Bg7 5. Bg2 c6 6. a3 O-O 7. O-O a5 8. d3 b5
9. Nbd2 axb4 10. axb4 Rxa1 11. Qxa1 Na6 12. Qa3 Qd6 13. Rb1 Nd7 14. Bxg7 Kxg7
15. c4 bxc4 16. dxc4 Nc7 17. Qa5 dxc4 18. Nxc4 Qe6 19. Ne3 Nb5 20. Nh4 Bb7 21.
Qa1+ f6 22. Rd1 Ra8 23. Qc1 Nb6 24. Bf3 Ra3 25. Qc5 Nd7 26. Qc4 Rxe3 27. Qxe6
Rxe6 28. Rxd7 Bc8 29. Rd8 Nd6 30. Bxc6 Rxe2 31. Kg2 Rb2 32. b5 Be6 33. Nf3 Bc4
34. Nd4 Nxb5 35. Rb8 Nxd4 36. Rxb2 Nxc6 37. f4 e5 38. Kf2 e4 39. Rb7+ Bf7 40.
Rd7 h6 41. Ke3 f5 42. h4 Nb4 43. Rd2 Kf6 44. Rb2 Nd5+ 45. Kd2 Nc7 46. Rb6+ Ne6
47. Ke3 g5 48. hxg5+ hxg5 49. Ra6 gxf4+ 50. gxf4 Be8 51. Rd6 Ke7 52. Rd5 Bg6
53. Rd2 Bh5 54. Rd5 Bg4 55. Ra5 Kd6 56. Re5 Nc7 57. Kd4 Bh3 58. Ra5 Ne6+ 59.
Ke3 Nc5 60. Ra8 Kd5 61. Rd8+ Kc4 62. Rc8 Kd5 63. Rd8+ Ke6 64. Re8+ Kf6 65. Rh8
Bg4 66. Rh6+ Kg7 67. Rc6 Nd3 68. Rb6 Bf3 69. Rd6 Bh5 70. Rb6 Bg6 71. Rb1 Kh6
72. Rh1+ Bh5 73. Rh2 Ne1 74. Rb2 Bf3 75. Rb6+ Kh5 76. Kf2 Nd3+ 77. Ke3 Kh4 78.
Rg6 Kh3 79. Rg7 Nb2 80. Rg1 Nd1+ 81. Kd4 Nf2 82. Rg5 Bg4 83. Ke3 Nd1+ 84. Kd2
Kg3 85. Ke1 Kxf4 86. Rg8 Kg3 87. Ra8 f4 88. Ra3+ e3 89. Ra2 f3 90. Rg2+ Kxg2
0-1

[Event "I Festival A"]
[Site "Fano ITA"]
[Date "2012.07.31"]
[Round "2"]
[White "Fico, Massimiliano"]
[Black "Solodovnichenko, Yuri"]
[WhiteElo "2281"]
[BlackElo "2598"]
[Result "0-1"]
[PlyCount "96"]
[EventDate "2012.07.30"]

1. e4 c5 2. c3 Nf6 3. e5 Nd5 4. d4 cxd4 5. Nf3 Nc6 6. cxd4 d6 7. Bc4 e6 8. O-O
Be7 9. Bd2 O-O 10. Nc3 Nxc3 11. Bxc3 d5 12. Bd3 f5 13. exf6 gxf6 14. Rc1 Bd6
15. Bb1 Bd7 16. Re1 Qe7 17. a3 Qg7 18. Nd2 Kh8 19. Nf1 Rg8 20. g3 b5 21. Qd3
Rab8 22. Bd2 Rge8 23. b4 Ne7 24. Ne3 Rbc8 25. Rxc8 Rxc8 26. Rc1 Rf8 27. Ng2 e5
28. f3 a6 29. a4 Rb8 30. axb5 Bxb5 31. Qe3 Nc6 32. dxe5 fxe5 33. Nh4 Bc7 34.
Kg2 Bb6 35. Qb3 Qf7 36. Nf5 Nd4 37. Nxd4 Bxd4 38. Bd3 Bd7 39. Bc3 Rf8 40. Rf1
Bxc3 41. Qxc3 Qf6 42. Be2 d4 43. Qa3 Qh6 44. Rd1 Bc6 45. Qa5 Qf6 46. Rf1 d3 47.
Bxd3 Bxf3+ 48. Kg1 e4 0-1

[Event "I Festival A"]
[Site "Fano ITA"]
[Date "2012.07.31"]
[Round "2"]
[White "Gallucci, Alessio"]
[Black "Banusz, Tamas"]
[WhiteElo "2245"]
[BlackElo "2556"]
[Result "0-1"]
[PlyCount "88"]
[EventDate "2012.07.30"]

1. e4 c5 2. Nf3 e6 3. c4 Nc6 4. Nc3 a6 5. b3 g6 6. Bb2 Bg7 7. Na4 Bxb2 8. Nxb2
e5 9. Na4 d6 10. Be2 Nge7 11. Nc3 O-O 12. h4 h6 13. d3 Kg7 14. Qd2 Bg4 15. Nh2
Be6 16. Bg4 f5 17. exf5 gxf5 18. Bf3 Kh7 19. Bxc6 Nxc6 20. Ne2 b5 21. f4 Rg8
22. g3 Qf6 23. Kf2 Bc8 24. Nf3 Bb7 25. Rae1 Rae8 26. Nc3 Nd4 27. Ng5+ Kg7 28.
Nd5 Bxd5 29. cxd5 hxg5 30. hxg5 Qf7 31. Rh6 Rh8 32. fxe5 dxe5 33. Reh1 Qxd5 34.
Qd1 Rxh6 35. Rxh6 Rh8 36. Qh5 Rxh6 37. Qxh6+ Kg8 38. Qg6+ Kf8 39. Qh6+ Ke7 40.
Qh7+ Kd6 41. Qh6+ Kc7 42. Qh7+ Kb6 43. Qh6+ Ka5 44. Qh5 Ne6 0-1